les blindés allemands de la seconde guerre mondiale - Statistiques

Statistiques générales
  • Ce quiz a été pris 27 fois
    22 depuis la dernière actualisation
  • Le résultat moyen est 9 sur 16
Statistiques - réponses
Par images Réponse % Correct
maus
95%
panther
90%
tiger I
90%
tiger II
86%
panzer III
81%
panzer IV
81%
ferdinand/elefant
57%
mauschen
57%
jagdtiger
48%
stug III
48%
jagdpanther
43%
jagdpanzer IV/70
33%
sturmtiger
33%
panzerbefelswagen VI P
19%
panther F
10%
landkreuzer P1000 ratte
0%
Aucun quiz correspondant
Distribution des résultats
% des personnes avec chaque résultat
Percentile par nombre de réponses
Votre historique - résultats
Vous n’avez pas pris ce quiz depuis la dernière actualisation